00519nam a2200181Ia 450000500170000000800410001702000150005808200130007310000160008624500440010226000280014630000190017465000150019365000150020894200060022395200950022999900130032420240703004947.0240331s9999 xx 000 0 und d a0415106613 a153bBRE aBrentano, F 0aPsychology from an empirical standpoint aLondonbRoutledgec1995 axxix, 415 p ., aPsychology aPhilosophy cL 001040708LaWERCLbWERCLcSSCd2024-03-31l0o 153 BREp5068r2024-03-31w2024-03-31yL c732d732